000 01377nam a2200301 c 4500
003 BLK
005 20180422110408.0
008 180409b bul|||||r ||||||| ||bul||
010 _aKNG00122105000
020 _a5-85270-
_bиздат.: Сов. энцикл.
040 _aBLK
041 _aRUS
_cRUS
080 _aОбщи енциклопедии. Енциклопедични речници. Научни справочници. Отраслови енциклопедии и справочници се класират в съответните отдели с определител за форма
_b03
_x
_z03
700 1 _aПрохоров, Александр Михайлович
_eглав. ред.
_9369693
139 _aСоветский энциклопедический словарь
_bС 49
245 1 0 _aСоветский энциклопедический словарь
_cглав. ред. Александр Михайлович Прохоров.
257 _aSUN
260 Москва
_bСов. энцикл.
_c1980
300 _a1600 с.
_c22 см
380 _a80
650 4 _aРечници, енциклопедични
_9274686
653 _aенциклопедични речници
852 _aЦб ІІ 5900
856 4 _qpdf
_u
856 4 _qpdf
_u
942 _cKNG
_n0
944 _aCR
_c17.03.2011
_kДиана_Димитрова
944 _aED
_c17.03.2011
_k
999 _c116549
_d116549